000 00505nam a22001937a 4500
003 KOHA_MİRAKIL
005 20251126135128.0
008 251126b tu ||||| |||| 00| 0 tur d
020 _a9789759955793
040 _aTR-AnABB
_btur
_cTR-AnABB
041 _atur
082 _a170
_bTOP 2022
100 1 _aTopçu, Nurettin,
245 1 0 _aAhlak /
_cNurettin Topçu
260 _aİstanbul :
_bDergah Yayınları,
_c2022
300 _a223 sayfa ;
_c20 cm
650 0 4 _aFelsefe
942 _2ddc
_cBK
999 _c9642
_d9642
900 _bGizem YORULMAZ